| 000 | 00734nam a22001937a 4500 | ||
|---|---|---|---|
| 999 |
_c10462 _d10462 |
||
| 003 | AR-CdUCM | ||
| 008 | 190401b ||||| |||| 00| 0 spa d | ||
| 040 |
_aMUNICIPALIDAD PROVINCIAL DEL CUSCO _cBIBLIOTECA MUNICIPAL DEL CUSCO |
||
| 082 |
_aEP / 895.1 / _bL111 |
||
| 245 |
_aLa princesa pavo real : _bCuentos populares chinos / |
||
| 260 |
_aChina : _bEdiciones en lenguas extranjeras, _c1981. |
||
| 300 |
_a127 páginas ; _bIlustraciones, _c20 cm. |
||
| 505 | _aContenido: La princesa pavo real -- El rey de un granado -- El cacique y el mago pobre -- El paisaje bordado de danbu... | ||
| 650 |
_aLiteratura infaltil _927332 |
||
| 650 |
_aLiteratura escolar _926679 |
||
| 650 |
_aChina _9843 |
||
| 942 |
_2ddc _cLIBROS |
||
| 945 | _adavv | ||